Del sujeto iluminista al estado paternalista (Registro nro. 32281)
[ vista simple ]
| 000 -LEADER | |
|---|---|
| fixed length control field | 00364 a2200109 4500 |
| 001 - CONTROL NUMBER | |
| control field | ART_39581 |
| 005 - DATE AND TIME OF LATEST TRANSACTION | |
| control field | 20260410162012.0 |
| 008 - FIXED-LENGTH DATA ELEMENTS--GENERAL INFORMATION | |
| fixed length control field | 260409a |
| 100 1# - MAIN ENTRY--PERSONAL NAME | |
| Personal name | Weisman, Diego |
| 245 10 - TITLE STATEMENT | |
| Title | Del sujeto iluminista al estado paternalista |
| 773 0# - HOST ITEM ENTRY | |
| Title | Documentos del CIECE |
| Related parts | Ensayos sobre racionalidad en economía - Nº 4 (ene./jun. 2008) |
| Record control number | REV39541 |
No hay ítems disponibles.